Light metals 1987 : proceedings of the technical sessions sponsored by the TMS Ligth Metal Committee at the 116th Annual Meeting, Denver, Colorado, February 24-26, 1987 /
Guardado en:
| Autor Corporativo: | |
|---|---|
| Otros Autores: | |
| Formato: | Libro |
| Idioma: | English |
| Publicado: |
Warrendale, Pa. :
TMS,
c1987.
|
| Materias: | |
| Etiquetas: |
Agregar Etiqueta
Sin Etiquetas, Sea el primero en etiquetar este registro!
|
| LEADER | 00937nam a22002175a 4500 | ||
|---|---|---|---|
| 001 | EIQ.libpla001935 | ||
| 008 | 070306s1987####pauao####b####101#0#eng#d | ||
| 005 | 20070306184749.0 | ||
| 245 | 1 | 0 | |a Light metals 1987 : |b proceedings of the technical sessions sponsored by the TMS Ligth Metal Committee at the 116th Annual Meeting, Denver, Colorado, February 24-26, 1987 / |c edited by R.D. Zabreznik. |
| 260 | |a Warrendale, Pa. : |b TMS, |c c1987. | ||
| 300 | |a xv, 886 p. : |b il., fotos ; |c 29 cm. | ||
| 504 | |a Incluye referencias bibliográficas e índice. | ||
| 020 | |a 0873390601 | ||
| 111 | 2 | |a Ligth metals prooceeding |n (116th : |d 1987 : |c Denver, Colorado) | |
| 700 | 1 | |a Zabreznik, R.D, |e ed. |4 edt | |
| 650 | 4 | |a Metales ligeros |x Metalurgia. | |
| 650 | 4 | |a Metales ligeros |x Congresos. | |
| 650 | 4 | |a Light metals |x Congresses. | |
| 650 | 4 | |a Light metals |x Metallurgy | |
| 040 | |a AR-BbSID |b spa |c AR-BbSID | ||
| 859 | |a AR-BbSID |b BIB. PLAPIQUI |h 669.72 |i L 626 |k R |p 3269 | ||
